| 000 | 00558nam a2200217 i 4500 | ||
|---|---|---|---|
| 001 | bg | ||
| 100 | 1 | _aGRZEGORCZYK, Andrzej | |
| 245 | 0 |
_aZarys arytmetyki teoretycznej / _cA. Grzegorczyk. |
|
| 250 | _aWyd.2. | ||
| 260 |
_aWarszawa : _bPWN, _c1983. |
||
| 300 |
_a314, [1] s. : _bwykr. ; _c24 cm. |
||
| 490 | 1 | _aBiblioteka Matematyczna | |
| 830 | _aBiblioteka Matematyczna | ||
| 020 | _a8301053267 | ||
| 040 | _cBPK | ||
| 041 | _apol | ||
| 080 | _a511(075.8) | ||
| 920 | _a83-01-05326-7 | ||
| 942 | _cKS | ||
| 008 | s pl f |000 0 pol | ||
| 999 |
_c22320 _d22320 |
||
| 856 |
_uhttp://koha.tu.koszalin.pl/cgi-bin/koha/opac-detail.pl?biblionumber=22320 _yKatalog online BPK |
||